Bảy ngày cho mãi mãi

সংরক্ষণ করুন:
গ্রন্থ-পঞ্জীর বিবরন
বিন্যাস: গ্রন্থ
প্রকাশিত: 2007
ট্যাগগুলো: ট্যাগ যুক্ত করুন
কোনো ট্যাগ নেই, প্রথমজন হিসাবে ট্যাগ করুন!
Thư viện lưu trữ: Mạng thư viện Đại học Đà Nẵng
LEADER 00429nam a22001811a 4500
001 000040782
003 17077
005 20160412023356.0
008 160412s2007 000
082 |a N23165-66 
245 |a Bảy ngày cho mãi mãi  |c Marc Levy 
260 |c 2007 
OWN |a LNN 
999 |a From the UDN01 
TYP |a Monograph 
980 |a Mạng thư viện Đại học Đà Nẵng